000 00454nab a2200145Ia 4500
003 ES-SlBCS
005 20210601140337.0
008 140529s1990 xxu||||| |||| 00| 0 spa d
041 _aspa
100 1 _aBarella, Julia
_9219232
245 0 0 _aEl realismo mágico: un fantasma de la imaginación barroca
_c Julia Barella
650 0 4 _aRealismo Mágico
_9219252
773 0 _tCuadernos Hispanoamericanos
_gnº. 481, 1990, págs. 69-78
_wRev1135
942 _cAR
999 _c643092
_d643092